000 00292nam a22001337a 4500
008 170614b xxu||||| |||| 00| 0 eng d
020 _a9780151012190
041 _aeng
080 _a94
100 _a17
101 _aSHH
245 _aTHUS SAITH THE LORD
_cRUBENSTEIN,R.E
942 _2udc
_cBK
999 _c17400
_d17400